| 000 | 00441nam a2200133Ia 4500 | ||
|---|---|---|---|
| 008 | 170221s9999 xx 000 0 und d | ||
| 100 | _aIraj Mahdavi | ||
| 245 | _aEvolving corporate social responsibility on the international scene | ||
| 245 | _cIraj Mahdavi, National University. | ||
| 260 | _bJournal of Management and Marketing Research | ||
| 260 | _c2014 | ||
| 650 | _xBusiness | ||
| 856 | _uhttp://www.aabri.com/manuscripts/141992.pdf | ||
| 999 |
_c309510 _d309510 |
||